Estimaciones de la disposición a pagar por atributos de calidad en los alimentos (Registro nro. 22839)

Detalles MARC
000 -LEADER
fixed length control field 00390 a2200121 4500
001 - CONTROL NUMBER
control field ART_6819
005 - DATE AND TIME OF LATEST TRANSACTION
control field 20260410161827.0
008 - FIXED-LENGTH DATA ELEMENTS--GENERAL INFORMATION
fixed length control field 260409a
100 1# - MAIN ENTRY--PERSONAL NAME
Personal name Berges, Miriam
245 10 - TITLE STATEMENT
Title Estimaciones de la disposición a pagar por atributos de calidad en los alimentos
700 1# - ADDED ENTRY--PERSONAL NAME
Personal name Hedo, Juan Pablo
773 0# - HOST ITEM ENTRY
Title FACES
Related parts - Año 17, Nº 36/37 (ene./dic. 2011)
Record control number REV5046

No hay ítems disponibles.